000 00943nam a2200301 i 4500
003 EG-GICUC
005 20260507194535.0
008 260507s1962 fr ||||fr|||| 00| 0 fre d
040 _aEG-GiCUC
_bfre
_cEG-GiCUC
_dEG-GiCUC
_eRda
041 _afre
082 0 4 _221
_a345.5
_bBA.P
092 0 4 _221
099 _aLaw1 07 345.5 BA.P 1962
100 1 _aBauchet , Pierre
_eAuteur
245 _aPropriété Publique Et Planification :
_bEntreprises Publiques Non Financières /
_cPierre Bauchet .
264 _aParis :
_bÉDITIONS CUJAS ,
_c1962 .
300 _a347 page ;
_c 24 cm.
336 _2rda contenu
_a texte
337 _2rda medias
_aOrdinateur
338 _2 transporteur rda
_a Ressource en ligne
546 _aTexte en français
650 1 _aDroit administratif
650 1 _aFonds publics
651 1 _2qrmak
856 4 0 _uhttps://fll.law.cu.edu.eg/fulltext/bks/B07-05418.pdf
905 _a60
942 _2ddc
_cBK
_e21
_n0
999 _c76221
_d76221